Bradford City: The Premier League Years - Statistics

General Stats
  • This quiz has been taken 136 times
    36 since last reset
  • The average score is 3 of 6
Answer Stats
Answer % Correct
Paul Jewell
75%
Dean Windass
66%
Stuart McCall
63%
David Wetherall
41%
Jim Jefferies
41%
Chris Hutchings
38%
No matching quizzes found
Score Distribution
Percent of People with Each Score
Percentile by Number Answered
Your Score History
You have not taken this quiz since the last reset